[Event "Olympiad Women-39"]
[Site "Khanty-Mansiysk"]
[Date "2010.10.01"]
[Round "10.28"]
[White "Pitam, Ella"]
[Black "Elansary, Eman"]
[Result "1-0"]
[WhiteElo "2293"]
[BlackElo "1836"]
[PlyCount "73"]
[EventDate "2010.09.21"]
[EventType "team-swiss"]
[EventRounds "11"]
[EventCountry "RUS"]
[SourceTitle "CBM 139"]
[Source "ChessBase"]
[SourceDate "2010.11.18"]
[SourceVersion "1"]
[SourceVersionDate "2010.11.18"]
[SourceQuality "1"]
[WhiteTeam "Israel (W)"]
[BlackTeam "Egypt (W)"]
[WhiteTeamCountry "ISR"]
[BlackTeamCountry "EGY"]

1. Nf3 Nf6 2. g3 g6 3. Bg2 Bg7 4. 0-0 0-0 5. c4 c5 6. Nc3 Nc6 7. d4 cxd4 8. Nxd4 a6 9. Nc2 d6 10. b3 Bf5 11. e4 Bg4 12. f3 Bc8 13. Kh1 e6 14. Be3 Ng4 15. Bd2 Nf6 16. Ne3 Ne7 17. f4 d5 18. cxd5 exd5 19. exd5 h5 20. Qe2 Re8 21. Qf2 Bf5 22. h3 Qd7 23. Nxf5 Nxf5 24. Rfe1 Rad8 25. Re5 Nh7 26. Rae1 Bxe5 27. fxe5 Re7 28. g4 hxg4 29. hxg4 Ng7 30. d6 Re6 31. Nd5 Rxe5 32. Rxe5 Qxd6 33. Ne7+ Kf8 34. Re2 Rd7 35. Nd5 Kg8 36. Bb4 Qb8 37. Re7 1-0

[Event "Olympiad Women-39"]
[Site "Khanty-Mansiysk"]
[Date "2010.09.29"]
[Round "8.10"]
[White "Galojan, Lilit"]
[Black "Pitam, Ella"]
[Result "1-0"]
[WhiteElo "2373"]
[BlackElo "2293"]
[PlyCount "99"]
[EventDate "2010.09.21"]
[EventType "team-swiss"]
[EventRounds "11"]
[EventCountry "RUS"]
[SourceTitle "CBM 139"]
[Source "ChessBase"]
[SourceDate "2010.11.18"]
[SourceVersion "1"]
[SourceVersionDate "2010.11.18"]
[SourceQuality "1"]
[WhiteTeam "Armenia (W)"]
[BlackTeam "Israel (W)"]
[WhiteTeamCountry "ARM"]
[BlackTeamCountry "ISR"]

1. d4 Nf6 2. c4 g6 3. g3 Bg7 4. Bg2 d6 5. Nf3 0-0 6. Nc3 c6 7. 0-0 Bf5 8. h3 Ne4 9. Nxe4 Bxe4 10. Be3 Nd7 11. Qd2 Nf6 12. Rfd1 Qd7 13. Rac1 Rfd8 14. Bg5 Qe8 15. Qe3 d5 16. b3 Qf8 17. g4 h6 18. Bf4 Nd7 19. cxd5 Bxd5 20. Ne5 Bxg2 21. Kxg2 Nb6 22. Bg3 e6 23. Qf3 a5 24. a4 Nd5 25. h4 Qe7 26. e4 Nb4 27. h5 g5 28. Qe3 Rac8 29. Nc4 Ra8 30. Ne5 Rac8 31. Nc4 Ra8 32. Be5 f6 33. Bg3 b5 34. Nb2 Rac8 35. Nd3 Nxd3 36. Rxd3 Qb4 37. axb5 cxb5 38. Rxc8 Rxc8 39. d5 e5 40. d6 Bf8 41. d7 Rd8 42. Qb6 Qxe4+ 43. Kh2 Be7 44. Qe6+ Kf8 45. Rc3 Qb4 46. Rc8 Kg7 47. Qf5 Kf7 48. Qg6+ Ke6 49. Qe8 Rxd7 50. Rc6+ 1-0

[Event "Olympiad Women-39"]
[Site "Khanty-Mansiysk"]
[Date "2010.09.25"]
[Round "5.18"]
[White "Pitam, Ella"]
[Black "Lkhamsuren, Uuganbayar"]
[Result "1-0"]
[WhiteElo "2293"]
[BlackElo "2206"]
[PlyCount "133"]
[EventDate "2010.09.21"]
[EventType "team-swiss"]
[EventRounds "11"]
[EventCountry "RUS"]
[SourceTitle "CBM 139"]
[Source "ChessBase"]
[SourceDate "2010.11.18"]
[SourceVersion "1"]
[SourceVersionDate "2010.11.18"]
[SourceQuality "1"]
[WhiteTeam "Israel (W)"]
[BlackTeam "Mongolia (W)"]
[WhiteTeamCountry "ISR"]
[BlackTeamCountry "MGL"]

1. c4 c6 2. Nf3 d5 3. e3 Nf6 4. b3 Bf5 5. Bb2 Nbd7 6. Be2 e6 7. 0-0 Bd6 8. Nc3 0-0 9. Rc1 Rc8 10. d3 Re8 11. Qd2 Bb8 12. Rfd1 Nf8 13. Qe1 Qe7 14. g3 N8d7 15. Qf1 h6 16. Nh4 Bh7 17. Qg2 Ne5 18. Nf3 Nxf3+ 19. Bxf3 Rcd8 20. e4 d4 21. Nb1 e5 22. Rf1 Nd7 23. g4 Nf8 24. Rcd1 Ne6 25. Bc1 Bd6 26. Be2 a5 27. Rd2 a4 28. bxa4 Ra8 29. Bd1 Nc5 30. Ba3 Ne6 31. Bc1 Rec8 32. Bb3 Nc5 33. Rdd1 g5 34. h4 Kg7 35. Qf3 Ne6 36. h5 Qf6 37. Qg3 Nc5 38. Ba3 Nxa4 39. Bxd6 Qxd6 40. Qf3 Nc5 41. Nd2 Qf6 42. Qg3 Ne6 43. Nf3 Nf4 44. Rd2 Qe7 45. Ne1 Qb4 46. Rc2 Qe7 47. Ng2 Qf6 48. Nxf4 Qxf4 49. Qxf4 gxf4 50. c5 Ra5 51. Rb1 Rc7 52. Kg2 Bg8 53. Kf3 f6 54. Bxg8 Kxg8 55. Rb3 Kf7 56. Rcb2 Kg8 57. Rxb7 Rxb7 58. Rxb7 Rxa2 59. Rb6 Rd2 60. Rxc6 Kg7 61. Rc7+ Kg8 62. g5 hxg5 63. c6 Rxd3+ 64. Kg4 Rc3 65. Kf5 Ra3 66. Kg6 Ra8 67. Rd7 1-0

[Event "EU-chT (Women) 08th"]
[Site "Novi Sad"]
[Date "2009.10.27"]
[Round "6"]
[White "Pitam, Ella"]
[Black "Dworakowska, Joanna"]
[Result "1-0"]
[WhiteElo "2285"]
[BlackElo "2345"]
[PlyCount "99"]
[EventDate "2009.10.22"]
[EventType "team-swiss"]
[EventRounds "9"]
[EventCountry "YUG"]
[SourceTitle "EXT 2010"]
[Source "ChessBase"]
[SourceDate "2010.11.25"]
[SourceVersion "1"]
[SourceVersionDate "2010.11.25"]
[SourceQuality "1"]
[WhiteTeam "Israel (W)"]
[BlackTeam "Poland (W)"]
[WhiteTeamCountry "ISR"]
[BlackTeamCountry "POL"]

1. Nf3 d6 2. d4 g6 3. c4 Bg7 4. Nc3 e5 5. g3 Nd7 6. Bg2 Ngf6 7. 0-0 0-0 8. b3 Re8 9. Bb2 c6 10. dxe5 dxe5 11. Qc2 e4 12. Ng5 e3 13. f3 Qe7 14. Rad1 Nf8 15. Qc1 Bf5 16. g4 h6 17. Nh3 Bd7 18. Ba3 c5 19. Nf4 Bc6 20. Nfd5 Bxd5 21. cxd5 N6d7 22. h3 a6 23. f4 Qd6 24. Bb2 Re7 25. Qa1 Rae8 26. a4 Nh7 27. Nb5 axb5 28. Bxg7 g5 29. fxg5 hxg5 30. Bb2 b4 31. Rf5 Re4 32. Rdf1 Rf4 33. R1xf4 gxf4 34. Qf1 Nb6 35. a5 Nd7 36. Rxf4 Qg6 37. Rf5 b5 38. axb6 Nxb6 39. Qf4 Nc8 40. h4 Qd6 41. Qf3 Re7 42. g5 Nb6 43. Qg4 c4 44. bxc4 Na4 45. Bf6 b3 46. Bxe7 Qxe7 47. g6 Nf6 48. gxf7+ Kxf7 49. Qh5+ Kf8 50. Qg6 1-0

[Event "EU-chT (Women) 08th"]
[Site "Novi Sad"]
[Date "2009.10.26"]
[Round "5"]
[White "Muhren, Bianca"]
[Black "Pitam, Ella"]
[Result "0-1"]
[WhiteElo "2290"]
[BlackElo "2285"]
[PlyCount "184"]
[EventDate "2009.10.22"]
[EventType "team-swiss"]
[EventRounds "9"]
[EventCountry "YUG"]
[SourceTitle "EXT 2010"]
[Source "ChessBase"]
[SourceDate "2010.11.25"]
[SourceVersion "1"]
[SourceVersionDate "2010.11.25"]
[SourceQuality "1"]
[WhiteTeam "Netherlands (W)"]
[BlackTeam "Israel (W)"]
[WhiteTeamCountry "NED"]
[BlackTeamCountry "ISR"]

1. e4 e6 2. d4 d5 3. Nd2 dxe4 4. Nxe4 Bd7 5. Nf3 Bc6 6. Bd3 Nd7 7. 0-0 Ngf6 8. Ng3 Bd6 9. Qe2 Bxf3 10. Qxf3 c6 11. Re1 0-0 12. c3 Re8 13. Bf4 Qc7 14. Bxd6 Qxd6 15. Ne4 Nxe4 16. Rxe4 Nf8 17. Rae1 Rad8 18. h4 Qd5 19. c4 Qa5 20. R1e2 Qxa2 21. h5 f5 22. Rh4 Qa1+ 23. Kh2 Qc1 24. Qg3 Qh6 25. Bc2 Qf6 26. Re5 Re7 27. Bb3 g5 28. d5 Rg7 29. h6 Rg6 30. Rh5 Rxh6 31. Rxh6 Qxh6+ 32. Kg1 c5 33. dxe6 Re8 34. Bc2 Ng6 35. Re1 Nf4 36. Bxf5 Qf6 37. Bg4 Re7 38. Qe3 h5 39. Bf3 Kg7 40. Bd5 b6 41. b3 h4 42. Qf3 Ng6 43. Qg4 Re8 44. Qe2 Nf4 45. Qe4 Kh6 46. Qf3 Re7 47. Qg4 Nd3 48. Re2 Qf4 49. Bf3 Qxg4 50. Bxg4 Kg6 51. Re3 Nb4 52. Rf3 Nc6 53. Re3 Nd4 54. Kh2 Kf6 55. g3 hxg3+ 56. Kxg3 a6 57. Rd3 Rc7 58. Re3 b5 59. cxb5 axb5 60. Rd3 b4 61. Re3 Ra7 62. Kg2 Re7 63. Kg3 Nxe6 64. Bxe6 Rxe6 65. Rd3 Ke5 66. Kg4 Rf6 67. f3 Rf5 68. Re3+ Kf6 69. Re8 Rf4+ 70. Kg3 Rd4 71. Rf8+ Ke6 72. Re8+ Kd6 73. Rd8+ Ke5 74. Re8+ Kd5 75. Rd8+ Kc6 76. Rc8+ Kb6 77. Rb8+ Kc7 78. Rg8 Rd3 79. Rxg5 Kc6 80. Kf4 Rxb3 81. Ke4 Rb1 82. f4 c4 83. Kd4 c3 84. Rc5+ Kb6 85. Rc8 Rd1+ 86. Ke3 Kb5 87. f5 Rd6 88. Ke2 Ka4 89. Ra8+ Kb3 90. Rc8 Kb2 91. f6 Rxf6 92. Kd3 Rd6+ 0-1

[Event "EU-chT (Women) 08th"]
[Site "Novi Sad"]
[Date "2009.10.25"]
[Round "4"]
[White "Pitam, Ella"]
[Black "Franciskovic, Borka"]
[Result "1-0"]
[WhiteElo "2285"]
[BlackElo "2215"]
[PlyCount "79"]
[EventDate "2009.10.22"]
[EventType "team-swiss"]
[EventRounds "9"]
[EventCountry "YUG"]
[SourceTitle "EXT 2010"]
[Source "ChessBase"]
[SourceDate "2010.11.25"]
[SourceVersion "1"]
[SourceVersionDate "2010.11.25"]
[SourceQuality "1"]
[WhiteTeam "Israel (W)"]
[BlackTeam "Croatia (W)"]
[WhiteTeamCountry "ISR"]
[BlackTeamCountry "CRO"]

1. c4 c5 2. Nc3 Nc6 3. g3 e5 4. Bg2 g6 5. d3 Bg7 6. Nf3 d6 7. 0-0 Nge7 8. Bd2 0-0 9. Rb1 a5 10. a3 Rb8 11. Qc1 f6 12. Ne1 Be6 13. Nc2 Nd4 14. b4 axb4 15. axb4 Nxc2 16. Qxc2 cxb4 17. Rxb4 Nc6 18. Rb2 Nd4 19. Qb1 b6 20. e3 Nf5 21. Na4 Ne7 22. Nxb6 f5 23. Rb5 g5 24. Ba5 Qe8 25. Qb4 f4 26. Qxd6 Bg4 27. Nd5 Nxd5 28. Bxd5+ Kh8 29. Bc6 Rxb5 30. Bxe8 Rxa5 31. Bd7 Bf3 32. exf4 gxf4 33. Bh3 Ra2 34. Rb1 Raa8 35. c5 Rad8 36. Bd7 e4 37. c6 Bg4 38. dxe4 fxg3 39. hxg3 h5 40. e5 1-0

[Event "EU-Cup (Women) 13th"]
[Site "Kallithea"]
[Date "2008.10.18"]
[Round "2"]
[White "Pitam, Ella"]
[Black "Petrenko, Svetlana"]
[Result "1-0"]
[WhiteElo "2295"]
[BlackElo "2285"]
[PlyCount "267"]
[EventDate "2008.10.17"]
[EventType "team-swiss"]
[EventRounds "7"]
[EventCountry "GRE"]
[SourceTitle "CBM 126 Extra"]
[Source "ChessBase"]
[SourceDate "2008.11.05"]
[SourceVersion "1"]
[SourceVersionDate "2008.11.05"]
[SourceQuality "1"]
[WhiteTeam "Haifa Madatech (W)"]
[BlackTeam "Grosslehna (W)"]
[WhiteTeamCountry "ISR"]
[BlackTeamCountry "GER"]

1. c4 e6 2. d4 d5 3. Nc3 c6 4. e3 f5 5. Nf3 Nf6 6. Bd3 Be7 7. 0-0 0-0 8. b3 Ne4 9. Ne2 Nd7 10. Bb2 g5 11. cxd5 exd5 12. Ne5 Qe8 13. f3 Nd6 14. Qc2 Nf6 15. Rae1 Be6 16. a4 a5 17. Qd2 Nh5 18. Ng3 Ng7 19. Bb1 Qd8 20. Nd3 h5 21. Qc2 h4 22. Ne2 Qc7 23. Ne5 Rf6 24. Nc1 Raf8 25. Ncd3 Rh6 26. Nf2 Nf7 27. Nxf7 Rxf7 28. Nd3 Bd6 29. Ne5 Rf8 30. Qc1 Qb6 31. Ba3 Bb4 32. Bxb4 Qxb4 33. Qb2 Qd6 34. Qc3 Ra8 35. Rc1 Rf6 36. Qd2 Rff8 37. f4 g4 38. Ng6 Rf6 39. Nxh4 Rh6 40. g3 Kf7 41. Bd3 Bd7 42. Rf2 b6 43. Qc2 Kf6 44. Qc3 Rah8 45. Rb1 Qa3 46. Qb2 Qe7 47. Qd2 Re8 48. Re2 Qa3 49. Bc2 Rhh8 50. Kf2 Qd6 51. Qc3 Qa3 52. Qd3 Ra8 53. Qd2 b5 54. Ree1 Qd6 55. Ra1 b4 56. Bd3 Ne8 57. Qc2 Rh5 58. Rac1 Qe6 59. Qc5 Nd6 60. Qc2 Rah8 61. Re2 Qe7 62. Ke1 Kf7 63. Kd2 Ra8 64. Rh1 Kf6 65. h3 Rg8 66. Qd1 Ne4+ 67. Bxe4 Qxe4 68. Reh2 Rxh4 69. gxh4 g3 70. Re2 Be8 71. Qc1 g2 72. Rg1 Qf3 73. Qc5 Qxh3 74. Qd6+ Kf7 75. Qc7+ Ke6 76. Qc8+ Ke7 77. Qc7+ Ke6 78. Qxa5 Qh2 79. Ree1 Qxh4 80. Qxb4 Qf2+ 81. Kd3 Bh5 82. Qd2 Qf3 83. Kc3 Qh3 84. Kb2 Bf3 85. a5 Qh7 86. Qc3 Kd7 87. Rc1 Rc8 88. a6 Kd8 89. Qc5 Qe7 90. Qxe7+ Kxe7 91. a7 Kd6 92. Ra1 Ra8 93. Kc3 Kc7 94. Ra2 Kb6 95. Rgxg2 Bxg2 96. Rxg2 Rxa7 97. Rg5 Rf7 98. Kb4 Rf8 99. Rh5 Rf7 100. Rh8 Rf6 101. Kc3 Rf7 102. Kd3 Kc7 103. Ke2 Kd6 104. Rh6+ Kc7 105. Kf3 Kb6 106. Rh8 Kc7 107. Re8 Kd6 108. Kg3 Rg7+ 109. Kh4 Rg4+ 110. Kh5 Rg1 111. Re5 Rb1 112. Kh4 Rxb3 113. Kg5 c5 114. dxc5+ Kxc5 115. Kxf5 Kd6 116. Kf6 Rb1 117. f5 Re1 118. Re6+ Kd7 119. Kf7 Rh1 120. Re7+ Kd6 121. f6 Rh7+ 122. Kf8 Rh8+ 123. Kg7 Rh3 124. Re8 Rg3+ 125. Kf8 Rg6 126. f7 Rg3 127. Rd8+ Ke6 128. Re8+ Kd7 129. e4 dxe4 130. Rxe4 Rf3 131. Rd4+ Ke6 132. Re4+ Kf5 133. Ra4 Ke6 134. Ke8 1-0

[Event "ISR-ch (Women)"]
[Site "Ramat Aviv/Modiin"]
[Date "2000.12.22"]
[Round "6"]
[White "Mamantov, Margarita"]
[Black "Pitam, Ella"]
[Result "0-1"]
[WhiteElo "2111"]
[BlackElo "2323"]
[PlyCount "40"]
[EventDate "2000.12.17"]
[EventType "tourn"]
[EventRounds "9"]
[EventCountry "ISR"]
[SourceTitle "CBM 079 Extra"]
[Source "ChessBase"]
[SourceDate "2001.01.11"]
[SourceVersion "2"]
[SourceVersionDate "2001.01.25"]
[SourceQuality "1"]

1. e4 e6 2. d4 d5 3. Nc3 Bb4 4. e5 c5 5. a3 Bxc3+ 6. bxc3 Qa5 7. Bd2 Qa4 8. Qg4 g6 9. Nf3 Nc6 10. Bd3 c4 11. Be2 Bd7 12. 0-0 h6 13. Qh4 Nge7 14. Bg5 Nf5 15. Qh3 Rg8 16. Bf6 Qxc2 17. Rfe1 Qxc3 18. Rec1 Qa5 19. Bd1 Ncxd4 20. Nxd4 Qe1# 0-1

[Event "ISR-ch (Women)"]
[Site "Ramat Aviv/Modiin"]
[Date "2000.12.20"]
[Round "4"]
[White "Tsifanskaya, Ludmila A"]
[Black "Pitam, Ella"]
[Result "1/2-1/2"]
[WhiteElo "2206"]
[BlackElo "2323"]
[PlyCount "23"]
[EventDate "2000.12.17"]
[EventType "tourn"]
[EventRounds "9"]
[EventCountry "ISR"]
[SourceTitle "CBM 079 Extra"]
[Source "ChessBase"]
[SourceDate "2001.01.11"]
[SourceVersion "2"]
[SourceVersionDate "2001.01.25"]
[SourceQuality "1"]

1. e4 e6 2. d4 d5 3. Nc3 Bb4 4. exd5 exd5 5. Bd3 Nf6 6. Bg5 c6 7. h3 0-0 8. Nge2 Nbd7 9. 0-0 Re8 10. Ng3 Nf8 11. Qf3 Be7 12. Rfe1 1/2-1/2

[Event "Olympiad Women-34"]
[Site "Istanbul"]
[Date "2000.11.09"]
[Round "12.2"]
[White "Pitam, Ella"]
[Black "Gjergji, Rozana"]
[Result "1-0"]
[WhiteElo "2323"]
[BlackElo "2055"]
[PlyCount "49"]
[EventDate "2000.10.28"]
[EventType "team-swiss"]
[EventRounds "14"]
[EventCountry "TUR"]
[SourceTitle "EXT 2001"]
[Source "ChessBase"]
[SourceDate "2000.11.22"]
[SourceVersion "1"]
[SourceVersionDate "2000.11.22"]
[SourceQuality "1"]
[WhiteTeam "Israel (W)"]
[BlackTeam "Albania (W)"]
[WhiteTeamCountry "ISR"]
[BlackTeamCountry "ALB"]

1. c4 e5 2. Nc3 Nc6 3. Nf3 Nf6 4. g3 Be7 5. Bg2 b6 6. 0-0 Rb8 7. b3 Bb7 8. Bb2 0-0 9. d4 exd4 10. Nxd4 Nxd4 11. Qxd4 Bxg2 12. Kxg2 Re8 13. Rad1 Bc5 14. Qd3 Qe7 15. e4 Rbd8 16. f3 c6 17. Rd2 Nh5 18. Kh1 Qg5 19. Rg2 Re6 20. Bc1 Qf6 21. f4 Qd4 22. Qf3 g6 23. g4 Ng7 24. f5 Ree8 25. Rd1 1-0

[Event "EU-chT (Women) 3rd"]
[Site "Batumi"]
[Date "1999.12.05"]
[Round "7.1"]
[White "Cosma, Elena Luminita"]
[Black "Pitam, Ella"]
[Result "1-0"]
[WhiteElo "2388"]
[BlackElo "2317"]
[PlyCount "71"]
[EventDate "1999.11.06"]
[EventType "team-swiss"]
[EventRounds "9"]
[EventCountry "GEO"]
[SourceTitle "CBM 073 Extra"]
[Source "ChessBase"]
[SourceDate "2000.01.11"]
[SourceVersion "1"]
[SourceVersionDate "2000.01.11"]
[SourceQuality "1"]
[WhiteTeam "Romania (W)"]
[BlackTeam "Israel (W)"]
[WhiteTeamCountry "ROU"]
[BlackTeamCountry "ISR"]

1. d4 e6 2. Nf3 d5 3. g3 Nf6 4. c4 c6 5. Bg2 Nbd7 6. 0-0 Be7 7. Nc3 0-0 8. b3 b6 9. Nd2 Bb7 10. e4 Rc8 11. Re1 Bb4 12. Bb2 e5 13. a3 Bd6 14. exd5 exd4 15. Nce4 Be5 16. Nxf6+ Bxf6 17. dxc6 Bxc6 18. Bxc6 Rxc6 19. Ne4 Nc5 20. Nxf6+ Rxf6 21. Bxd4 Rd6 22. Bxc5 bxc5 23. Qh5 Qb6 24. b4 Rc6 25. b5 Rh6 26. Qf3 Rf6 27. Qc3 h5 28. h4 Rd8 29. Rad1 Rd4 30. Rxd4 cxd4 31. Re8+ Kh7 32. Qd3+ g6 33. Re5 Kg7 34. Rd5 Qa5 35. Qxd4 Qxa3 36. c5 1-0

[Event "Benasque op 19th"]
[Site "Benasque"]
[Date "1999.??.??"]
[Round "8"]
[White "Pitam, Ella"]
[Black "Kurajica, Bojan"]
[Result "1/2-1/2"]
[WhiteElo "2306"]
[BlackElo "2536"]
[PlyCount "103"]
[EventDate "1999.07.??"]
[EventType "swiss"]
[EventRounds "10"]
[EventCountry "ESP"]
[SourceTitle "EXT 2001"]
[Source "ChessBase"]
[SourceDate "2000.11.22"]
[SourceVersion "1"]
[SourceVersionDate "2000.11.22"]
[SourceQuality "1"]

1. c4 e6 2. Nf3 Nf6 3. Nc3 Bb4 4. Qc2 0-0 5. a3 Bxc3 6. Qxc3 d5 7. b4 c5 8. bxc5 Ne4 9. Qc2 Qa5 10. e3 Na6 11. Be2 Naxc5 12. 0-0 Bd7 13. Rb1 Ba4 14. Qa2 dxc4 15. Bxc4 Rac8 16. Rb4 b5 17. Be2 Rfd8 18. Qb1 f5 19. Nd4 Nd6 20. Qa2 Re8 21. d3 Kh8 22. Bd2 e5 23. Nf3 Qd8 24. d4 exd4 25. Rxd4 Nce4 26. Qa1 Qf6 27. Rc1 Nc4 28. Bc3 Qf7 29. h4 h6 30. Bd1 Nb6 31. Rd3 Kh7 32. Bxa4 Nxa4 33. Be1 Nac5 34. Rdd1 Nb3 35. Qa2 Qg8 36. Rxc8 Rxc8 37. Qb2 Rc7 38. Qe5 Rc5 39. Qb2 Rc7 40. Qe5 Rc5 41. Qe7 Rd5 42. Rb1 Nec5 43. Qxa7 Qe6 44. Bc3 Rd7 45. Qb8 Qe4 46. Rf1 Qc4 47. Bd4 Nd3 48. Qe8 Qd5 49. Rd1 Ndc1 50. Ng5+ hxg5 51. Qh5+ Kg8 52. Qe8+ 1/2-1/2

[Event "Olympiad Women-33"]
[Site "Elista"]
[Date "1998.10.07"]
[Round "9"]
[White "Velcheva, Maria"]
[Black "Pitam, Ella"]
[Result "1/2-1/2"]
[WhiteElo "2330"]
[BlackElo "2330"]
[PlyCount "81"]
[EventDate "1998.09.29"]
[EventType "team-swiss"]
[EventRounds "13"]
[EventCountry "RUS"]
[SourceTitle "CBM 066 Extra"]
[Source "ChessBase"]
[SourceDate "1998.11.06"]
[SourceVersion "1"]
[SourceVersionDate "1998.11.06"]
[SourceQuality "1"]

1. e4 e6 2. d4 d5 3. Nd2 c5 4. Ngf3 Nc6 5. exd5 exd5 6. Bb5 Bd6 7. dxc5 Bxc5 8. 0-0 Nge7 9. Nb3 Bd6 10. Re1 0-0 11. Bd3 Ng6 12. c3 Bc7 13. Bc2 Qd6 14. Qd3 Bg4 15. g3 Qf6 16. Nbd4 Rfe8 17. Bd2 Bb6 18. Rxe8+ Rxe8 19. Re1 Rxe1+ 20. Bxe1 Nxd4 21. Nxd4 Bxd4 22. cxd4 Qf3 23. Bb4 h6 24. Qe3 Qxe3 25. fxe3 Nf8 26. Kf2 Nd7 27. e4 Be6 28. exd5 Bxd5 29. b3 Nf6 30. Bf5 g6 31. Bc8 Bc6 32. Be7 Kg7 33. Bxf6+ Kxf6 34. Ke3 Ke7 35. Bg4 Kd6 36. Be2 Bd5 37. Bc4 a6 38. a4 b5 39. axb5 axb5 40. Bxb5 Bxb3 41. h4 1/2-1/2

[Event "Olympiad Women-33"]
[Site "Elista"]
[Date "1998.10.03"]
[Round "5"]
[White "Skripchenko, Almira"]
[Black "Pitam, Ella"]
[Result "1/2-1/2"]
[WhiteElo "2420"]
[BlackElo "2330"]
[PlyCount "105"]
[EventDate "1998.09.29"]
[EventType "team-swiss"]
[EventRounds "13"]
[EventCountry "RUS"]
[SourceTitle "CBM 066 Extra"]
[Source "ChessBase"]
[SourceDate "1998.11.06"]
[SourceVersion "1"]
[SourceVersionDate "1998.11.06"]
[SourceQuality "1"]

1. e4 e6 2. d3 d5 3. Qe2 Nf6 4. g3 b6 5. Bg2 dxe4 6. dxe4 Bb7 7. Bg5 Be7 8. Nd2 0-0 9. f4 Nc6 10. Ngf3 Nb4 11. Bxf6 Bxf6 12. Nc4 Ba6 13. Rd1 Qe8 14. e5 Be7 15. 0-0 Nd5 16. Kh1 Bxc4 17. Qxc4 Ne3 18. Qxc7 Nxf1 19. Rxf1 Qd8 20. Qb7 a5 21. c3 Rb8 22. Qe4 Qc7 23. h4 Rbd8 24. a4 Rd7 25. Kh2 Rfd8 26. h5 Rd1 27. Rf2 Qd7 28. Bf1 Bc5 29. Bb5 Qd5 30. Qxd5 R8xd5 31. Re2 g6 32. hxg6 hxg6 33. Kg2 Kg7 34. Bc4 Rd8 35. Bb5 Ra1 36. Nd2 Rh8 37. Nf1 Rd1 38. Bc4 Rhd8 39. Bb5 Rb1 40. Nh2 Rg1+ 41. Kh3 Rh8+ 42. Kg4 Rd8 43. Nf3 Rh1 44. Ba6 Rdd1 45. Bb5 Rhf1 46. Re4 Rf2 47. b4 Be7 48. bxa5 bxa5 49. Ne1 Rfd2 50. Nf3 Rc2 51. Rc4 Rdc1 52. Rc7 Kf8 53. Rc8+ 1/2-1/2

[Event "Dresden zt (Women)"]
[Site "Dresden"]
[Date "1998.??.??"]
[Round "8"]
[White "Jelica, Mara"]
[Black "Pitam, Ella"]
[Result "0-1"]
[WhiteElo "2180"]
[BlackElo "2320"]
[PlyCount "117"]
[EventDate "1998.04.28"]
[EventType "swiss"]
[EventRounds "11"]
[EventCountry "GER"]
[SourceTitle "CBM 064 Extra"]
[Source "ChessBase"]
[SourceDate "1998.07.07"]
[SourceVersion "1"]
[SourceVersionDate "1998.07.07"]
[SourceQuality "1"]

1. e4 e6 2. d4 d5 3. Nd2 Nf6 4. e5 Nfd7 5. f4 c5 6. c3 Nc6 7. Ndf3 Qb6 8. g3 cxd4 9. cxd4 Bb4+ 10. Kf2 f6 11. Kg2 0-0 12. Bd3 Kh8 13. Bc2 Be7 14. h4 Qc7 15. h5 b5 16. Be3 Bb7 17. Rc1 Qb6 18. Qd3 f5 19. Bb1 Rac8 20. Nh3 b4 21. b3 a5 22. Nf2 Na7 23. Nh4 Bxh4 24. Rxh4 Rxc1 25. Bxc1 Nb5 26. Bb2 Rc8 27. g4 Nc3 28. Bxc3 Rxc3 29. Qd2 Qd8 30. Rh1 Nc5 31. Rh3 Ne4 32. Qe1 Qc7 33. Rxc3 Qxc3 34. Qxc3 Nxc3 35. Bd3 g6 36. hxg6 hxg6 37. Nh3 Kg7 38. g5 Nxa2 39. Kf2 Nc1 40. Bc2 Ba6 41. Ke3 Kf7 42. Ng1 Ke7 43. Bd1 Na2 44. Kd2 Nc3 45. Bc2 Bb5 46. Nf3 Be2 47. Ne1 Bg4 48. Nd3 Ne4+ 49. Ke3 Kd7 50. Nb2 Kc6 51. Na4 Bh5 52. Nb2 Nc3 53. Na4 Bd1 54. Bxd1 Nxd1+ 55. Kf3 Nc3 56. Nc5 Ne4 57. Nxe6 a4 58. Ng7 axb3 59. Nxf5 0-1